000 00303nam a22001337a 4500
008 171013b xxu||||| |||| 00| 0 eng d
020 _a9780716776543
041 _aeng
080 _24TH
_a159.9
100 _a51
101 _aPSI
245 _aDISCOVERING PSYCHOLOGY
_cHOCKENBURY,D.H
942 _2udc
_cBK
999 _c33814
_d33814